000 00883nam a2200265 i 4500
001 bg
003 BPK
005 20220914120500.0
008 970513s1992 pl a |000 0 pol
015 _aPB 1992/9308
020 _a8301108746
040 _aWA N
_cBPK
080 _a336
080 _a330.342.172
100 1 _aCzekaj, Jan
_d(1950- )
_eAutor
245 1 0 _aFinansowy mechanizm alokacji zasobów w gospodarce rynkowej /
_cJan Czekaj, Stanisław Owsiak.
260 _aWarszawa :
_bWydaw. Naukowe PWN,
_c1992.
300 _a228, [1] s. :
_bwykr. ;
_c21 cm.
504 _aBibliogr. s. 225-227.
650 4 _aAlokacja
710 2 _aWydawnictwo Naukowe PWN
_4pbl.
700 1 _aOwsiak, Stanisław
_d(1946- )
_eAutor
856 _uhttp://koha.tu.koszalin.pl/cgi-bin/koha/opac-detail.pl?biblionumber=35258
_yKatalog online BPK
942 _2UKD
_cKS
999 _c35258
_d35258